000
00204 a2200097 4500
001
4196
100
_a
Forest,L.D
245
_a
Television now & onwards
260
_a
_b
Hutchinson
_c
090
_c
3413
_d
3413
942
_a
NUST-CAE
_c
M
_c
26814
999
_c
239269
_d
239269